| 000 -LEADER |
| fixed length control field |
00489pab a2200181 454500 |
| 008 - FIXED-LENGTH DATA ELEMENTS--GENERAL INFORMATION |
| fixed length control field |
180718b2006 xxu||||| |||| 00| 0 eng d |
| 100 ## - MAIN ENTRY--PERSONAL NAME |
| Personal name |
Bai, Chong-En |
| 245 ## - TITLE STATEMENT |
| Title |
The Multitask theory of state enterprise reform: empirical evidence from China |
| 260 ## - PUBLICATION, DISTRIBUTION, ETC. |
| Date of publication, distribution, etc. |
2006 |
| 300 ## - PHYSICAL DESCRIPTION |
| Extent |
p.353-57. |
| 362 ## - DATES OF PUBLICATION AND/OR SEQUENTIAL DESIGNATION |
| Dates of publication and/or sequential designation |
May |
| 650 ## - SUBJECT ADDED ENTRY--TOPICAL TERM |
| Topical term or geographic name entry element |
Public sector - China |
| 650 ## - SUBJECT ADDED ENTRY--TOPICAL TERM |
| Topical term or geographic name entry element |
Public sector |
| 700 ## - ADDED ENTRY--PERSONAL NAME |
| Personal name |
Tao, Zhigang |
| 700 ## - ADDED ENTRY--PERSONAL NAME |
| Personal name |
Lu, Jiangyong |
| 773 ## - HOST ITEM ENTRY |
| Main entry heading |
American Economic Review |
| 909 ## - |
| -- |
69997 |